Marketing.com: (Registro nro. 9193)

Detalles MARC
000 -LEADER
fixed length control field 00952nam a2200205Ia 4500
005 - FECHA Y HORA DE LA ÚLTIMA TRANSACCIÓN
control field 20230907091051.0
008 - FIXED-LENGTH DATA ELEMENTS--GENERAL INFORMATION
fixed length control field 230906s9999 xx 000 0 und d
020 ## - INTERNATIONAL STANDARD BOOK NUMBER
International Standard Book Number 978-843-682-197-0
040 ## - CATALOGING SOURCE
Original cataloging agency UPAN
Transcribing agency Biblioteca San Vicente
Description conventions RCAA2
041 ## - LANGUAGE CODE
Language code of text/sound track or separate title spa
082 ## - DEWEY DECIMAL CLASSIFICATION NUMBER
Classification number 658.86
Item number R637m
año de publicación 2013
100 ## - MAIN ENTRY--PERSONAL NAME
Personal name Rodríguez Ardura, Inma
Relator code aut.
245 #0 - TITLE STATEMENT
Title Marketing.com:
Remainder of title y comercio electrónico en la sociedad de la información/
Statement of responsibility, etc Inma Rodríguez Ardura
250 ## - EDITION STATEMENT
Edition statement 3° ed.
260 ## - PUBLICATION, DISTRIBUTION, ETC. (IMPRINT)
Place of publication, distribution, etc España:
Name of publisher, distributor, etc ESIC,
Date of publication, distribution, etc 2013
300 ## - PHYSICAL DESCRIPTION
Extent 412 p.;
Dimensions 23 cm.
505 ## - FORMATTED CONTENTS NOTE
Formatted contents note 1. Marketing e internet: una introducción<br/>2. El entorno internet<br/>3. La estrategia de marketing en internet<br/>4. La investigación de marketing en línea<br/>5. Productos, precios y competencia en internet<br/>6.Comunicaciones de marketing en internet<br/>7.La publicidad en internet<br/>8. La distribución y el comercio electrónico
650 ## - SUBJECT ADDED ENTRY--TOPICAL TERM
Source of heading or term LEMB
Form subdivision Electrónico
General subdivision Mercadeo
942 ## - ADDED ENTRY ELEMENTS (KOHA)
Koha item type Libros
Source of classification or shelving scheme Dewey Decimal Classification
Existencias
Withdrawn status Lost status Source of classification or shelving scheme Damaged status Not for loan Collection code Home library Current library Date acquired Total Checkouts Full call number Barcode Date last seen Copy number Price effective from Koha item type
    Dewey Decimal Classification     Colección General Biblioteca UPAN San Vicente Biblioteca UPAN San Vicente 06/09/2023   658.86 R637m 12004019 06/09/2023 01 06/09/2023 Libros
    Dewey Decimal Classification     Colección General Biblioteca UPAN San Vicente Biblioteca UPAN San Vicente 07/09/2023   658.86 R637m 12004018 07/09/2023 02 07/09/2023 Libros
    Dewey Decimal Classification     Colección General Biblioteca UPAN San Vicente Biblioteca UPAN San Vicente 07/09/2023   658.86 R637m 12004017 07/09/2023 03 07/09/2023 Libros
    Dewey Decimal Classification     Colección General Biblioteca UPAN San Vicente Biblioteca UPAN San Vicente 07/09/2023   658.86 R637m 12003249 07/09/2023 04 07/09/2023 Libros
    Dewey Decimal Classification     Colección General Biblioteca UPAN San Vicente Biblioteca UPAN San Vicente 07/09/2023   658.86 R637m 12003250 07/09/2023 05 07/09/2023 Libros
    Dewey Decimal Classification     Colección General Biblioteca UPAN San Vicente Biblioteca UPAN San Vicente 07/09/2023   658.86 R637m 12003251 07/09/2023 06 07/09/2023 Libros